000 00791nam a2200253Ia 4500
003 OSt
005 20220918171357.0
006 a|||||r|||| 00| 0
007 ta
008 220917b |||||||| |||| 00| 0 eng d
020 _a9781588264725 (pbk)
_c902.47
024 _a232,537
037 _b135, 22/10/2007, Prachi Book Distributor
_cTextual
040 _aARTS
_cARTS
_beng
041 _2eng
_aeng
082 _aX:77.6, P7
100 _aMoss Todd J.
_936182
245 0 _aAfrican development
_b making sense of the issues and actors
260 _aColorado
_bLynne Rienner Publishers London
_c2007
300 _axi,274p.
_ccm.
650 _aECONOMICS
942 _hX:77.6, P7
_cTEXL
_2CC
999 _c139283
_d139283